000 01335nam0a22002771 4500
001 rc\3749442
005 20130115154815.3
021 _aRU
_b[70-54967]
035 _a(NLR Aleph) 007873598
090 _a7873332
_c7873332
100 _a20130115d1970 |||y0rusy50 ca
101 0 _arus
102 _aRU
105 _aa z |||||
200 1 _aФизические испытания грунтов
_eАннот. обзор изобретений
_fМ-во энергетики и электрификации СССР. Главтехстройпроект. Всесоюз. науч.-исслед. ин-т гидротехники им. Б.Е. Веденеева
210 _aЛенинград
_cЭнергия. Ленингр. отд-ние
_d1970
215 _a65 с.
_cчерт.
_d22
300 _aСост. указан на обороте тит. л.
606 _aГрунты
_xФизико-механические свойства
_xИсследование
_jПатенты
_jАннотации
_2psbo
700 1 _aСтарицкий
_bМ. Г.
_gМихаил Григорьевич
_4220
712 0 2 _aВНИИ гидротехники им. Б. Е. Веденеева
_cЛенинград
_3RU\NLR\AUTH\889561
801 0 _aRU
_bNLR
_gpsbo
801 1 _aRU
_bELAR
_2rusmarc
852 _aNLR
_jПт 10.5/55
942 _cBOOK
980 _aNB